Marcel Proust. Critique litteraire
Uloženo v:
| Hlavní autor: | |
|---|---|
| Médium: | Kniha |
| Jazyk: | španělština |
| Vydáno: |
Montreal
Les Presses de L'Université de Montréal
1967
|
| Témata: | |
| Tagy: |
Přidat tag
Žádné tagy, Buďte první, kdo vytvoří štítek k tomuto záznamu!
|
MARC
| LEADER | 00000nam a2200000 a 4500 | ||
|---|---|---|---|
| 001 | UCI1348 | ||
| 003 | CL-VaPUC | ||
| 008 | 070629e19670000CN |||||||||||||||||spa|d | ||
| 082 | 0 | 4 | |a 843.09 |b CHA |2 21 |
| 100 | 0 | |a Chantal, Rene de |e author |9 521797 | |
| 245 | 1 | 0 | |a Marcel Proust. Critique litteraire |
| 300 | |a 376 p | ||
| 942 | |c BK | ||
| 945 | |d 20070629 00:00:00 |a rbrito | ||
| 260 | |a Montreal |b Les Presses de L'Université de Montréal |c 1967 | ||
| 600 | 0 | 7 | |a PROUST, MARCEL |2 CL-VaPUC |9 316221 |
| 650 | 7 | |a NOVELA FRANCESA |2 CL-VaPUC |9 521798 | |
| 650 | 0 | |a Literatura francesa |9 266330 | |
| 650 | 0 | |a Historia y crítica |9 257407 | |
| 650 | 0 | |a Crítica e interpretación |9 255042 | |
| 650 | 0 | |a Crítica literaria |9 269189 | |
| 651 | 0 | |a Francia |9 255157 | |
| 583 | |a last modification |c 20070629 00:00:00 |k Rodrigo Vera | ||
| 999 | |c 326177 |d 326175 | ||
| 952 | |0 0 |1 0 |4 0 |6 843_090000000000000_CHA_1967 |7 0 |8 A |9 407939 |a BIBEDU |b BIBEDU |d 2019-11-22 |i 4133269 |o 843.09 CHA 1967 |p 4133269 |r 2019-11-22 |w 2019-11-22 |y BK |k LIT | ||